000 00260nam a2200133Ia 4500
100 _a#N/A
650 _aComputers
942 _cBK
654 _aFLASH 5
245 _aFlash 5 Bible
260 _bJDG PUBLISHER
_aNew Delhi
082 _bREI
546 _aENGLISH
999 _c33579
_d33579